| 000 | 00878nam a2200289Ia 4500 | ||
|---|---|---|---|
| 001 | Para_6336 | ||
| 003 | CHAP | ||
| 008 | 220125s1977 xx 000 0 und d | ||
| 010 | _a205067 | ||
| 040 | _cCHAP | ||
| 082 | _aPA 595.70012 D63 | ||
| 100 |
_aDomínguez Rivero, Román _933879 |
||
| 245 |
_aClave para órdenes de insectos / _c por Román Domínguez Rivero |
||
| 260 |
_aChapingo, Méx. : _b ENA. Departamento de Parasitología Agrícola |
||
| 300 | _ac.a. 30 | ||
| 650 |
_aEntomología sistemática _937154 |
||
| 650 |
_aInsectos _x identificación _958929 |
||
| 650 |
_aOrtopteros _984147 |
||
| 710 |
_aENA. Departamento de Parasitología Agrícola _936701 |
||
| 901 | _aPA 595.70012 D63 | ||
| 902 | _aA | ||
| 905 | _a0000001977 a 0000000000 00 | ||
| 910 | _a1977 | ||
| 942 | _cPARA | ||
| 942 |
_cPARA _d1 |
||
| 999 |
_c205067 _d205067 |
||